Analisis teks ucapan RMK-9 : pendekatan pragmatik /
Saved in:
| 主要作者: | |
|---|---|
| 格式: | Thesis 图书 |
| 语言: | Malay |
| 出版: |
2007.
|
| 主题: | |
| 标签: |
添加标签
没有标签, 成为第一个标记此记录!
|
| LEADER | 01210cam a2200301 a 4500 | ||
|---|---|---|---|
| 001 | u794127 | ||
| 003 | SIRSI | ||
| 005 | 201007010937 | ||
| 008 | 100701s2007 my a t 000 0 may m | ||
| 040 | |a UMM | ||
| 043 | |a a-my--- | ||
| 090 | |a PL5065 |b UM 2007 Won | ||
| 100 | 1 | |a Wong, Shin Shin. | |
| 245 | 1 | 0 | |a Analisis teks ucapan RMK-9 : |b pendekatan pragmatik / |c Wong Shin Shin. |
| 260 | |c 2007. | ||
| 300 | |a xi, 280 leaves : |b ill. ; |c 30 cm. | ||
| 502 | |a Dissertation (M.Malay Stud.) -- Akademi Pengajian Melayu, Universiti Malaya, 2008. | ||
| 504 | |a Bibliography: leaves 194-201. | ||
| 650 | 0 | |a Representative government and representation |z Malaysia |x Language. | |
| 650 | 0 | |a Malay language |x Discourse analysis. | |
| 650 | 0 | |a Politeness (Linguistics) | |
| 650 | 0 | |a Pragmatics. | |
| 650 | 0 | |a Discourse analysis |x Political aspects |z Malaysia. | |
| 710 | 2 | 0 | |a Universiti Malaya. |b Akademi Pengajian Melayu. |
| 900 | |a ZSA-ZA | ||
| 596 | |a 1 23 | ||
| 999 | |a PL5065 UM 2007 WON |w LC |c 1 |i A514398498 |d 24/6/2022 |e 24/6/2022 |f 17/3/2011 |g 1 |l STACKS |m P01UTAMA |n 22 |r Y |s Y |t TESIS |u 16/3/2011 | ||
| 999 | |a PL5065 UM 2007 WON |w LC |c 1 |i A515074326 |d 14/9/2020 |e 15/4/2015 |f 20/4/2012 |g 1 |l STACKS |m P23MELAYU |n 1 |q 1 |r Y |s Y |t TESIS |u 18/4/2012 | ||
